First Names of First Ladies of the United States - Statistics

General Stats
  • This quiz has been taken 713 times
  • The average score is 31 of 46
Answer Stats
# First Name % Correct
44 Michelle
98%
41 Barbara
93%
45 Melania
92%
32 Anna II (Eleanor)
91%
38 Elizabeth III
90%
35 Jacqueline
90%
46 Jill
90%
39 Eleanor (Rosalynn)
89%
1 Martha I
89%
3 Martha II
89%
42 Hillary
88%
43 Laura
88%
40 Nancy
88%
33 Elizabeth II (Bess)
84%
18 Eliza
83%
5 Elizabeth I
79%
36 Claudia (Lady Bird)
78%
37 Thelma (Pat)
76%
2 Abigail I
74%
14 Abigail II
74%
9 Anna I
73%
12 Sarah
70%
28 Ellen
66%
34 Mamie
66%
15 Jane
65%
13 Margaret
64%
23 Frances
62%
31 Lou
61%
25 Edith I
59%
27 Edith I
59%
30 Grace
59%
26 Helen
58%
10 Julia I
57%
19 Julia II
57%
4 Dolley
55%
17 Mary Todd
53%
22 Caroline
52%
7 Emily
52%
20 Lucy
49%
21 Lucretia
46%
6 Louisa
45%
16 Harriet
43%
24 Ida
43%
29 Florence
38%
11 Letitia
36%
8 Angelica
31%
No matching quizzes found
Score Distribution
Percent of People with Each Score
Percentile by Number Answered
Your Score History
You have not taken this quiz